Zambian land and labour studies, vol iv (Record no. 62422)

MARC details
000 -LEADER
fixed length control field 00612nam a2200157 a 4500
008 - FIXED-LENGTH DATA ELEMENTS--GENERAL INFORMATION
fixed length control field 091207s1983 ||||||||||||||||| || u
050 ## - LIBRARY OF CONGRESS CALL NUMBER
Classification number UNZA-HIST(08)OP
100 ## - MAIN ENTRY--PERSONAL NAME
Personal name Muntemba, Shimwayi
245 10 - TITLE STATEMENT
Title Zambian land and labour studies, vol iv
Statement of responsibility, etc. Edited by Shimwayi Muntemba
260 ## - PUBLICATION, DISTRIBUTION, ETC.
Place of publication, distribution, etc. Lusaka
Name of publisher, distributor, etc. UNZA
Date of publication, distribution, etc. 1983
300 ## - PHYSICAL DESCRIPTION
Extent 74p.
350 ## - PRICE (NR) (BK AM CF MU VM SE) [OBSOLETE]
Price 0.00
490 ## - SERIES STATEMENT
Series statement University of Zambia. History Department occasional papers
650 ## - SUBJECT ADDED ENTRY--TOPICAL TERM
Topical term or geographic name entry element URBAN POOR--ZAMBIA
995 ## - RECOMMENDATION 995 [LOCAL, UNIMARC FRANCE]
-- 0.00
-- CBU-MAIN LIBRARY (Kitwe)
-- 1
-- 0.00
-- 1
-- AVAILABLE
-- Dec 7, 2009
-- Zambiana Collection
Holdings
Withdrawn status Lost status Source of classification or shelving scheme Damaged status Not for loan Home library Current library Shelving location Date acquired Total Checkouts Full call number Barcode Date last seen Price effective from Koha item type
          CBU-MAIN LIBRARY, KITWE. CBU-MAIN LIBRARY, KITWE.   11/30/2022   UNZA-HIST(08)OP Z03004996 11/30/2022 11/30/2022 MONOGRAPH